Normal view
MARC view
- Baluchistan - History
Entry Topical Term
001 - CONTROL NUMBER
- control field: 4622
003 - CONTROL NUMBER IDENTIFIER
- control field: NUST
005 - DATE AND TIME OF LATEST TRANSACTION
- control field: 20170918114818.0
008 - FIXED-LENGTH DATA ELEMENTS
- fixed length control field: 170918|| aca||aabn | a|a d
040 ## - CATALOGING SOURCE
- Original cataloging agency: NUST
- Transcribing agency: NUST
150 ## - HEADING--TOPICAL TERM
- Topical term or geographic name entry element: Baluchistan - History
670 ## - SOURCE DATA FOUND
- Source citation: Work cat.: (NUST): William, Charles Reynold 4621, Marrī Balūc jang mazāḥmat, 2009
